Imágenes del conocimiento tradicional (Registro nro. 18825)

Detalles MARC
000 -CABECERA
Campo de control 01119nam a2200253 a 4500
005 - FECHA Y HORA DE LA ULTIMA TRANSACCION
Campo de control 20160624172755.0
008 - ELEMENTOS DE LONGITUD FIJA—INFORMACION GENERAL
Campo de control 150530s2012 ck o gr 00010 spa d
020 ## - ISBN
ISBN 9789588491967
040 ## - FUENTE DE CATALOGACIÓN
Agencia catalogadora original CO-BoBLA
Agencia transcriptora CO-BoBLA
041 0# - IDIOMA
Código de idioma para texto/pista de sonido o título separado Español
044 ## - PAÍS DE PUBLICACIÓN
País de publicación Colombia
082 04 - NUMERO DE CLASIFICACION DECIMAL DEWEY
Número de clasificación 398.09861
Número del ítem I31c
245 00 - MENCION DE TITULO
Título Imágenes del conocimiento tradicional
260 ## - PUBLICACION, DISTRIBUCION, ETC. (PIE DE IMPRENTA)
Lugar de publicación, distribución, etc. Bogotá, Colombia :
Nombre del editor, distribuidor, etc. PNUD :
-- Instituto de Investigaciones Ambientales del Pacífico,
Fecha de publicación, distribución, etc. 2012.
300 ## - DESCRIPCION FISICA
Extensión 96 páginas :
Otros detalles físicos fotografías a color ;
Dimensiones 28 x 22 cm.
650 24 - ASIENTO SECUNDARIO DE MATERIA - TERMINO TEMATICO
Término temático o nombre geográfico como elemento de entrada Conocimiento tradicional
Subdivisión geográfica Pacífico (Región, Colombia)
9 (RLIN) 72194
650 24 - ASIENTO SECUNDARIO DE MATERIA - TERMINO TEMATICO
Término temático o nombre geográfico como elemento de entrada Conocimiento ecológico tradicional.
Subdivisión geográfica Pacífico (Región, Colombia)
9 (RLIN) 72195
650 24 - ASIENTO SECUNDARIO DE MATERIA - TERMINO TEMATICO
Término temático o nombre geográfico como elemento de entrada Indígenas del Pacífico (Región, Colombia)
Subdivisión general Religión y mitología.
9 (RLIN) 72196
650 24 - ASIENTO SECUNDARIO DE MATERIA - TERMINO TEMATICO
Término temático o nombre geográfico como elemento de entrada Indígenas del Pacífico (Región, Colombia)
Subdivisión general Vida social y costumbres.
9 (RLIN) 72197
651 #4 - ASIENTO SECUNDARIO DE MATERIA - NOMBRE GEOGRAFICO
Nombre geográfico Pacífico (Región, Colombia)
Subdivisión general Población.
9 (RLIN) 72198
651 #4 - ASIENTO SECUNDARIO DE MATERIA - NOMBRE GEOGRAFICO
Nombre geográfico Pacífico (Región, Colombia)
Subdivisión general Relaciones interétnicas.
9 (RLIN) 72199
651 #4 - ASIENTO SECUNDARIO DE MATERIA - NOMBRE GEOGRAFICO
Nombre geográfico Pacífico (Región, Colombia)
Subdivisión general Vida social y costumbres.
9 (RLIN) 72200
942 ## - ELEMENTOS ADICIONALES (KOHA)
Sistema de clasificación Dewey Decimal Classification
Tipo de ítem Libro
Existencias
Withdrawn status Lost status Sistema de Clasificación Damaged status No para préstamo Colección Inventariado Ubicación Permanente Ubicación actual Fecha de adquisición Fuente de Valor Valor Total Checkouts Número topográfico Inventario / Código de Barras Date last seen Ejemplar Price effective from Forma de adquisición Tipo de material
    Dewey Decimal Classification     General Inventariado 2017 Bogotá Bogotá 24/06/2016 Instituto 39000.00   LB-398.09861 I31c 040495 24/06/2016 Ej. 1 24/06/2016 Donación Libro